What You Know Lyrics - Statistics

General Stats
  • This quiz has been taken 23 times
  • The average score is 191 of 225
Answer Stats
Lyrics % Correct
a
100%
be
100%
do
100%
don't
100%
I
100%
To
100%
to
100%
want
100%
what
100%
you
100%
You
100%
you,
100%
And
94%
and
94%
can
94%
In
94%
it
94%
it,
94%
it's
94%
know
94%
my
94%
the
94%
time
94%
alone
88%
get
88%
just
88%
tell
88%
But
82%
eyes
82%
say
82%
why
82%
will
82%
Yeah,
82%
you've
82%
can't
76%
few
76%
known
76%
like
76%
right
76%
before
71%
feel
71%
is
71%
leaving
71%
realise
71%
starting
71%
take
71%
this
71%
weeks,
71%
whole
71%
am
65%
Am
65%
if
65%
sweet
65%
no
59%
year,
59%
beginning
53%
have
53%
there,
53%
I'll
47%
I'm
47%
Maybe
47%
next
47%
one
47%
questions
47%
taste
47%
think
47%
try
47%
about
41%
address
41%
anything?
41%
not
41%
stop
41%
Could
35%
fire?
35%
remember,
35%
best
29%
test
24%
wouldn't
24%
attained,
18%
No matching quizzes found
Score Distribution
Percent of People with Each Score
Percentile by Number Answered
Your Score History
You have not taken this quiz